000 01239nam a2200253Ia 4500
999 _c53867
_d53867
001 20918
003 GE_BSU
005 20221219111302.0
008 181216s2013||||ge |||||||||||||| ||geo||
020 _a9789941044960
040 _cGE_BSU
041 _ageo
080 _a316.6 +159.92 კ–29
100 _aკარნეგი, დეილ
_915326
245 _aროგორ დავძლიოთ მღელვარება და დავიწყოთ ცხოვრება /
_cდეილ კარნეგი ; მთარგმნ.: ნინა თურმანიძე, ლაშა ბულია ; რედ. თამაზ თურმანიძე.
264 _aთბილისი :
_bგეო,
_c2013
300 _a258 გვ.;
_b21 სმ.
653 _aსოციალური ფსიქოლოგია.
653 _aპიროვნების ფორმირება.
700 _aთურმანიძე, ნინა
_eმთარგმნელი
_916466
700 _aბულია, ლაშა
_eმთარგმნელი
_911893
700 _aთურმანიძე, თამაზ
_eრედაქტორი
_911865
942 _cBK
_2udc